Cara a Cara - Países #2 - Estadísticas

Estadísticas generales
  • Esta prueba ha sido intentada 24.697 veces
  • La puntuación promedio es 11 de 15
Estadísticas de respuestas
Pregunta Respuesta % Correcto
¿Qué país está en el Caribe?
94%
¿Qué país es el más pequeño por superficie?
91%
¿Qué país forma parte de la OTAN (Organización del Tratado del Atlántico Norte)?
87%
¿Qué país tiene tierra más al sur?
85%
¿El gentilicio de qué país termina en -ano?
85%
¿Qué país no tiene acceso al mar?
85%
¿El presidente actual de qué país es mayor?
81%
¿Qué país tiene las fronteras terrestres más largas?
78%
¿Qué país está geográficamente más cerca de la India?
77%
¿Qué país tiene menos habitantes?
76%
¿Qué país tiene una temperatura media anual más alta?
74%
¿Qué país tiene un mayor PIB per cápita? (PPA)
66%
¿Qué país no ha acogido nunca unos Juegos Olímpicos?
60%
¿Qué país está más poblado?
57%
¿Qué país tiene más fronteras?
53%
No se encontraron pruebas coincidentes
Distribución de puntuación
Porcentaje de gente con cada puntuación
Porcentaje por número respondido
Historial de tus puntuaciones
No has intentado esta prueba.